Statistics for Pokemon Moves Starting with the Letter C

Click here to take the quiz!

General Stats

  • This quiz has been taken 59 times
    (10 since last reset)
  • The average score is 27 of 49

Answer Stats

TypeSpec/Phys/StatusSpecial EffectAnswer% Correct
Ghost/???StatusFor ghosts, foe takes recurrent damage. Otherwise, raises Atk., Def., lowers SpeedCurse
100%
NormalPhysicalCuts down trees outside of battleCut
100%
ElectricStatusRaise users Spec. Def. and power of next electric attackCharge
88%
ElectricSpecialHigh chance of raising users Spec. Atk.Charge Beam
88%
FlyingSpecialChance to confuse target, uses players recorded voiceChatter
88%
DragonStatusRaises all user stats by 1 stage for 1/3 of user HP. Signature of Kommo-OClangorous Soul
88%
GhostStatusConfuses foeConfuse Ray
88%
PsychicSpecialMay confuse foeConfusion
88%
NormalPhysicalSteals targets itemCovet
88%
PsychicStatusRaise users Spec. Atk and Spec. Def.Calm Mind
75%
Normal
StatusUsers type changes based on environmentCamouflage
75%
FairyStatusLower foe Atk by 2 stagesCharm
75%
FightingPhysicalFoe is switched out for another pokemonCircle Throw
75%
DragonSpecialLowers users Def.Clanging Scales
75%
FightingPhysicalUsers Def. and Spec. Def. are loweredClose Combat
75%
NormalStatusUser mimics move used immediately before itCopycat
75%
NormalStatusDoes nothingCelebrate
63%
PoisonStatusRaises users Atk, Def., and AccuracyCoil
63%
NormalStatusUser becomes type of move on top of move listConversion
63%
NormalStatusUser becomes type resistant to last attack receivedConversion2
63%
GrassStatusRaises users Def. by 3 stagesCotton Guard
63%
FightingPhysicalInflicts double damage of received physical attackCounter
63%
NormalStatusCauses Active Battle Effects (Spikes etc.) to switch sides.
Signature of Cinderace
Court Change
63%
DarkPhysicalMay lower foe Def.Crunch
63%
DarkPhysicalIncreased Critical Hit Ratio. Signature of Hisuian SamurottCeaseless Edge
50%
IceStatusUser switches out and Changes weather to Snow. Signature of SlowkingChilly Reception
50%
WaterPhysicalDeals damage for 2-5 turns, foe can't switch outClamp
50%
NormalStatusLowers foe Spec. Atk.Confide
50%
PsychicStatusRaises users Def. and Spec. Def.Cosmic Power
50%
GrassStatusReduce foe Speed by 2 stagesCotton Spore
50%
WaterPhysicalHigher Crit. RateCrabhammer
50%
FightingPhysicalHigher Crit. RateCross Chop
50%
PhysicalPoisonMay poison foe. Higher Crit. RateCross Poison
50%
NormalPhysicalMay lower foe Def.Crush Claw
50%
WaterSpecialLowers foe Attack 1 StageChilling Water
38%
NormalPhysicalIgnores foes stat changesChip Away
38%
GrassSpecialUser takes 1/2 of own HP as damage. Signature of Hisuian ElectrodeChloroblast
38%
PoisonSpecialAll of targets stat changes removedClear Smog
38%
FightingStatusRaises all allies Attack and Def. 1 stageCoaching
38%
NormalPhysicalHits 2-5 timesComet Punch
38%
NormalPhysicalDeals more damage if foe is healthierCrush Grip
38%
NormalStatusLower foe Spec. Atk by 2 stages if opposite genderCaptivate
25%
FightingPhysicalDamage increases 33% if Super Effective. Signature of KoraidonCollision Course
25%
DarkPhysicalDeals 1.5x damage user took from foe last attack.Comeuppance
25%
NormalPhysicalMay lower foe speedConstrict
25%
PoisonStatusRemoves foe held itemCorrosive Gas
13%
FairyStatusProtects self and allies from status for one turnCrafty Shield
13%
FightingPhysical30% Chance to Paralyze. Signature of Caph StarmobileCombat Torque
0%
DragonSpecialNullifies foe ability if user moves lastCore Enforcer
0%

Score Distribution

Percentile by Number Answered

Percent of People with Each Score

Your Score History

You have not taken this quiz since the last reset